000 00494nam a2200193Ia 4500
008 240510s9999 xx 000 0 und d
020 _a0035406200036
041 _aEng
082 _a006.3
082 _bM84
100 _aMuller, J.P.:
245 4 _aThe Design of Intelligent Agents :A Layered Approach : Lecture Notes in Computer Science
260 _bSpringer: Tokyo
260 _c1996
300 _a227 p.
650 _aArtificial Intelligence :
942 _2ddc
942 _cRBK
999 _c27546
_d27546
945 _a1
_bMadushi Gamage
_c1
_dMadushi Gamage